| 000 | 00692nam a22001577a 4500 | ||
|---|---|---|---|
| 003 | OSt | ||
| 005 | 20150921114424.0 | ||
| 008 | 150921b xxu||||| |||| 00| 0 eng d | ||
| 040 | _cRUA | ||
| 082 | _aAGR THA 2009 B040 Or.1 | ||
| 100 |
_91003 _aTHACH, CHEAVUTHY. |
||
| 245 | _aEffect of orgacin mulchs on cowpea at royal university of agriculture's crop station ឥទ្ធិពលគំរបធម្មជាតិទៅលើដំណាំសណ្ដែកអង្គុយនៅស្ថានីយ៍ដំណាំនៃសាកលវិទ្យាល័យភូមិន្ទកសិកម្ម | ||
| 260 |
_aPhnom Penh _bRUA _c2009 |
||
| 300 | _axvi; 59p. | ||
| 942 |
_2ddc _cAGR |
||
| 999 |
_c962 _d962 |
||